[Event "Orsay op"]
[Site "Orsay"]
[Date "2008.03.08"]
[Round "6"]
[White "Peter, Charles"]
[Black "De Lagontrie, Jean"]
[Result "0-1"]
[WhiteElo "1720"]
[BlackElo "2010"]
[PlyCount "82"]
[EventDate "2008.03.06"]
[EventType "swiss"]
[EventRounds "7"]
[EventCountry "FRA"]
[SourceTitle "EXT 2010"]
[Source "ChessBase"]
[SourceDate "2010.11.25"]
[SourceVersion "1"]
[SourceVersionDate "2010.11.25"]
[SourceQuality "1"]

1. e4 c5 2. Nf3 Nc6 3. d4 cxd4 4. Nxd4 Nf6 5. Nc3 e5 6. Nxc6 bxc6 7. Bc4 Bb4 8. Bg5 h6 9. Bxf6 Qxf6 10. Qd3 0-0 11. 0-0 d6 12. a3 Ba5 13. Rad1 Rd8 14. h3 Be6 15. b4 Bb6 16. Rd2 Bd4 17. Bxe6 fxe6 18. Ne2 Bb6 19. a4 a5 20. Qc4 axb4 21. Qxb4 Bc5 22. Qc4 Ra5 23. c3 Rda8 24. Ra2 d5 25. Qb3 Qf7 26. Nc1 Qa7 27. Nd3 Bd6 28. Nb2 Rb8 29. Qc2 Kh8 30. Rd1 Qc5 31. Nd3 Qc4 32. f3 Rb3 33. Rb2 Rxc3 34. Qb1 Rxa4 35. exd5 exd5 36. Rb8+ Bxb8 37. Qxb8+ Kh7 38. Qc8 Qd4+ 39. Kh2 Ra7 40. Ra1 Rf7 41. Ra8 Rxd3 0-1

[Event "Orsay op"]
[Site "Orsay"]
[Date "2008.03.06"]
[Round "4"]
[White "Garonzi, Martino"]
[Black "Peter, Charles"]
[Result "1-0"]
[WhiteElo "1977"]
[BlackElo "1720"]
[PlyCount "101"]
[EventDate "2008.03.06"]
[EventType "swiss"]
[EventRounds "7"]
[EventCountry "FRA"]
[SourceTitle "EXT 2010"]
[Source "ChessBase"]
[SourceDate "2010.11.25"]
[SourceVersion "1"]
[SourceVersionDate "2010.11.25"]
[SourceQuality "1"]

1. e4 c6 2. d4 d5 3. Nc3 dxe4 4. Nxe4 Nf6 5. Nxf6+ exf6 6. Nf3 Be6 7. Bd3 g6 8. 0-0 Bg7 9. Be3 0-0 10. c4 Na6 11. a3 Nc7 12. Qa4 Qd7 13. Rac1 Rfd8 14. Rfd1 Ne8 15. Be2 b6 16. Ne1 Rac8 17. Nd3 Nd6 18. b3 Nf5 19. Nf4 Ne7 20. Bf3 Bf8 21. d5 cxd5 22. Qxd7 Rxd7 23. cxd5 Rxc1 24. Bxc1 Bf5 25. Bb2 Bg7 26. Rc1 Rd8 27. g4 Bd7 28. Rc7 Nc8 29. a4 f5 30. Bxg7 Kxg7 31. Ne6+ Bxe6 32. dxe6 fxg4 33. Rxf7+ Kg8 34. Bxg4 h5 35. e7 Rd1+ 36. Bxd1 Kxf7 37. Bc2 Nxe7 38. Kg2 Kf6 39. Kf3 g5 40. Ke4 Ke6 41. Bd1 h4 42. f4 gxf4 43. Kxf4 a5 44. Kg5 h3 45. Bg4+ Ke5 46. Bxh3 Nc6 47. Bg4 Nd4 48. h4 Nxb3 49. h5 Nd2 50. h6 Ne4+ 51. Kg6 1-0

[Event "Orsay op"]
[Site "Orsay"]
[Date "2008.03.03"]
[Round "1"]
[White "Peter, Charles"]
[Black "Jagstaidt, Patrick"]
[Result "0-1"]
[WhiteElo "1720"]
[BlackElo "2029"]
[PlyCount "88"]
[EventDate "2008.03.06"]
[EventType "swiss"]
[EventRounds "7"]
[EventCountry "FRA"]
[SourceTitle "EXT 2010"]
[Source "ChessBase"]
[SourceDate "2010.11.25"]
[SourceVersion "1"]
[SourceVersionDate "2010.11.25"]
[SourceQuality "1"]

1. e4 d5 2. exd5 Qxd5 3. Nc3 Qa5 4. d4 Nf6 5. Bc4 c6 6. Nf3 Bg4 7. h3 Bh5 8. 0-0 e6 9. Bf4 Qb4 10. Be2 Qxb2 11. Qd2 Bb4 12. Rab1 Qxc3 13. Rxb4 Qxd2 14. Bxd2 b5 15. Rb2 Nbd7 16. a4 a6 17. c4 0-0 18. axb5 axb5 19. cxb5 Rfb8 20. Bf4 Rb6 21. Bc7 Rb7 22. b6 Nd5 23. Ne5 Bxe2 24. Rxe2 Nxe5 25. Bxe5 Rxb6 26. Rc1 Kf8 27. Rec2 Raa6 28. Bd6+ Ke8 29. Bc5 Rb3 30. Rc4 Kd7 31. Kf1 Nf4 32. R4c2 Rb8 33. h4 Ra4 34. Rd1 g6 35. g3 Nd5 36. Ke2 Rb3 37. Rdc1 Ra8 38. Kd2 Ra6 39. Rc4 f5 40. R4c2 Ra8 41. Ke2 Nf6 42. Rc3 Rxc3 43. Rxc3 Ra2+ 44. Ke3 Nd5+ 0-1